Advanced Engineering Mathematics (Record no. 322756)

MARC details
000 -LEADER
fixed length control field 00413nam a2200157Ia 4500
008 - FIXED-LENGTH DATA ELEMENTS--GENERAL INFORMATION
fixed length control field 230718s9999 xx 000 0 und d
041 ## - LANGUAGE CODE
Language code of text/sound track or separate title eng
082 ## - DEWEY DECIMAL CLASSIFICATION NUMBER
Classification number 510.620
Item number O'N
100 ## - MAIN ENTRY--PERSONAL NAME
Personal name O'Neil P.V.
245 ## - TITLE STATEMENT
Title Advanced Engineering Mathematics
260 ## - PUBLICATION, DISTRIBUTION, ETC. (IMPRINT)
Date of publication, distribution, etc. 2009
Name of publisher, distributor, etc. Cengage Learning
300 ## - PHYSICAL DESCRIPTION
Extent 1204
365 ## - TRADE PRICE
Currency code Rs.
Price amount 550.00
700 ## - ADDED ENTRY--PERSONAL NAME
Personal name O'Neil P.V.
906 ## - LOCAL DATA ELEMENT F, LDF (RLIN)
d O:0032808-Oct-2009B:733309-Jul-2009
c SS
b 968
Holdings
Withdrawn status Lost status Damaged status Not for loan Home library Current library Date acquired Vendor Budget Code Cost, normal purchase price Bill number Total Checkouts Full call number Barcode Date last seen Date last checked out Discount Cost, replacement price Bill Date Koha item type Original Barcode
        Cummins College of Engineering for Women Pune Cummins College of Engineering for Women Pune 01/10/2009 Varma Book Distributors SS 429.00 7333 1 510.620 CCEP-BK-33963 29/10/2025 09/10/2025 968 550.00 09/07/2009 Books 033963